• 首页
  • 本馆介绍
  • 公告通知
  • 最新文献
  • 馆藏检索
  • 电子资源
  • 读者导购
  • 参考咨询
  • 我的图书馆
  • 登录
  • 详细信息显示
  • 放入我的书架
  • 预约/预借图书
  • 作者相关作品
  • 分类相关作品
  • 丛书相关作品
  • 出版社相关作品

书目信息

  • 表格格式
  • 工作单格式
  • 卡片格式
题名:
萨克斯管练习曲集
    
 
作者: 王清泉 编著
分册: 1  
出版信息: 北京   人民音乐出版社  1999
页数: 55页
开本: 31cm
丛书名:
单 册:
中图分类: J647.121
科图分类:
主题词: 萨克斯管--练习曲
电子资源:
ISBN: 7-103-01901-0
000 01070nam0 2200325 450
000 01033nam0 2200313 450
000 00996nam0 2200301 450
000 00961nam0 2200289 450
000 00957nam0 2200301 450
000 00903nam0 2200277 450
000 00954nam0 2200265 450
000 00917nam0 2200253 45
001 TS2006045513
005 20061209144338.62
010    @a7-103-01901-0@dCNY18.00
100    @a20060829d1999 em y0chiy0120 ea
101 0  @achi
102    @aCN@b110000
105    @ag z 000yy
200 1  @a萨克斯管练习曲集@ASa Ke Si Guan Lian Xi Qu Ji@h1@f王清泉编著@FWang Qing Quan Bian Zhu
210    @a北京@c人民音乐出版社@d1999@h2005.9第6次印刷
215    @a55页@c图@d31cm
606 0  @a萨克斯管@x练习曲
690    @aJ647.121@v4
701  0 @a王清泉@AWang Qing Quan@4编著
801  0 @aCN@b中图数据@c20061209
905    @a10447@dJ647.121@e99:1
    
    萨克斯管练习曲集.1/王清泉编著.-北京:人民音乐出版社,1999(2005.9第6次印刷)
    55页:图;31cm
    
    
    ISBN 7-103-01901-0:CNY18.00
    
●
相关链接 在E读中查询图书 在五车中查询图书 在当当中查询图书 在豆瓣中查询图书


正题名:萨克斯管练习曲集     索取号:J647.121/99:1         预约/预借

序号 登录号 条形码 馆藏地/架位号 状态 备注
1 0610883   206108834   第一样本阅览室/ [索取号:J647.121/99:1] 在馆    
2 0610884   206108843   第一借阅区/ [索取号:J647.121/99:1] 在馆    
3 0610885   206108852   第一借阅区/ [索取号:J647.121/99:1] 在馆    
4 0610886   206108861   第一借阅区/ [索取号:J647.121/99:1] 在馆    
5 0610887   206108870   第一借阅区/ [索取号:J647.121/99:1] 在馆    
6 0610888   206108889   第一借阅区/ [索取号:J647.121/99:1] 在馆    
7 0610889   206108898   第一借阅区/ [索取号:J647.121/99:1] 在馆    
8 0610890   206108905   第一借阅区/ [索取号:J647.121/99:1] 在馆    
唐山师范学院图书馆 欢迎您!
大连网信软件有限公司© 版权所有